| 000 | 00622nam a2200217 a 4500 | ||
|---|---|---|---|
| 001 | BRCA_4226 | ||
| 005 | 20190320204606.0 | ||
| 008 | 100610s1929----u--#######---#000-0#eng-# | ||
| 041 | _aeng | ||
| 044 | _au | ||
| 050 | 4 |
_aHF5387 _b.P48 1929 |
|
| 245 | 1 | 0 |
_aPeterson _bInternational Code _cimpresor Peterson Cipher Code. |
| 250 | _a3 | ||
| 260 |
_aEstados Unidos de América _bPeterson Cipher Code _c1929 |
||
| 300 |
_axii, 1136 p. _c28 cm. |
||
| 500 | _aIncluye una tabla plegable para detectar errores | ||
| 500 | _aAM38 | ||
| 650 | 1 | 4 |
_aCódigo internacional _zEstados Unidos _910889 |
| 902 | _aGFM | ||
| 942 |
_2lcc _cB |
||
| 999 |
_c3937 _d3937 |
||